000 00394nam a22001697a 4500
003 OSt
005 20210916090151.0
008 210916b |||||||| |||| 00| 0 eng d
020 _aISBN 8174765697
040 _cHU
050 _a1
082 _210TH/ED
_a612.015/RAO
100 _aDr.A.VS.S. Rama Rao
_94225
245 _aA TEXT BOOK OF BIOCHEMISTRY
300 _a582
942 _2ddc
_cBOOKS
_n0
999 _c4298
_d4298